Podnikateľská etika v 21. Storočí bakalárska práca

Salvato in:
Dettagli Bibliografici
Autore principale: Krištofíková, Katarína
Ente Autore: Obchodná fakulta EU. Katedra marketingu
Altri autori: Šveda, Lukáš
Natura: Libro
Lingua:slovacco
Pubblicazione: Bratislava 2013
Tags: Aggiungi Tag
Nessun Tag, puoi essere il primo ad aggiungerne!!

MARC

LEADER 00000nbm a2200000 4500
001 0171191
005 20161109112021.9
041 0 |a slo 
044 |a SK 
245 1 0 |a Podnikateľská etika v 21. Storočí  |b bakalárska práca  |c Katarína Krištofíková ; školiteľ: Lukáš Šveda 
264 1 |a Bratislava  |c 2013 
300 |a 54 s. 
100 1 |a Krištofíková, Katarína 
700 1 |a Šveda, Lukáš 
710 2 |a Obchodná fakulta EU. Katedra marketingu